000 00292nam a2200097Ia 4500
005 20251222152006.0
008 251222s9999||||xx |||||||||||||| ||spa||
082 _a658.56/I49E
245 0 _aArtesanía textil: Compendio de normas técnicas peruanas y guías para su implementación
942 _cLIB
999 _c24738
_d24738